Kings (Druk Gyalpo) of Bhutan - Statistics

General Stats
  • This quiz has been taken 11 times
  • The average score is 3 of 5
Answer Stats
Reign King % Correct
1926-1952 Jigme
86%
1907-1926 Ugyen
86%
1952-1972 Jigme Dorji
43%
1972-2006 Jigme Singye
43%
2006-Present Jigme Khesar Namgyel
29%
No matching quizzes found
Score Distribution
Percent of People with Each Score
Percentile by Number Answered
Your Score History
You have not taken this quiz